Caer en sus propias redes (Record no. 165044)

MARC details
000 -LEADER
campo de control de longitud fija 01077nam a22002775i 4500
001 - NÚMERO DE CONTROL
campo de control 165044
003 - IDENTIFICADOR DE NÚMERO DE CONTROL
campo de control ES-MaACL
005 - FECHA Y HORA DE LA ÚLTIMA TRANSACCIÓN
campo de control 20251003185627.0
008 - DATOS DE LONGITUD FIJA--INFORMACIÓN GENERAL
campo de control de longitud fija 050810s1843 sp | |||||||| ||spa d
040 ## - FUENTE DE CATALOGACIÓN
Centro catalogador/agencia de origen CAM
Lengua de catalogación spa
Centro/agencia transcriptor CAM
080 ## - NÚMERO DE LA CLASIFICACIÓN DECIMAL UNIVERSAL
Número de la Clasificación Decimal Universal 821.133.1-23"18"
100 1# - ENTRADA PRINCIPAL--NOMBRE DE PERSONA
Nombre de persona Scribe, Eugène.
9 (RLIN) 104966
245 10 - MENCIÓN DEL TÍTULO
Título Caer en sus propias redes
Resto del título : comedia en dos actos /
Mención de responsabilidad, etc. escrita en francés por Scribe ; (traducción de I. Gil).
260 ## - PUBLICACIÓN, DISTRIBUCIÓN, ETC.
Lugar de publicación, distribución, etc. Madrid :
Nombre del editor, distribuidor, etc. [s.n.,
Fecha de publicación, distribución, etc. 1843?.] (
Fabricante Imprenta de F. Suárez)
300 ## - DESCRIPCIÓN FÍSICA
Extensión 27 p. ;
Dimensiones 25 cm.
490 1# - MENCIÓN DE SERIE
Mención de serie Museo dramático
500 ## - NOTA GENERAL
Nota general Representada por primera vez en Madrid en el Teatro del Príncipe el dia 31 de marzo de 1843.
594 ## - Nota al título y mención de responsabilidad
Nota al título y mención de responsabilidad Autor y título tomado de principio del texto.
597 ## - NOTA DE DESCRIPCIÓN FÍSICA
NOTA DE DESCRIPCIÓN FÍSICA Texto a dos col.
598 ## - NOTA LOCAL
Nota local Dato de serie consta en cabecera de pág.
700 1# - ENTRADA AGREGADA--NOMBRE PERSONAL
Nombre de persona Gil y Baus, Isidoro,
Fechas asociadas al nombre 1814-1866
9 (RLIN) 56736
830 0# - PUNTO DE ACCESO ADICIONAL DE SERIE-TÍTULO UNIFORME
Título uniforme Museo dramático
9 (RLIN) 187645
852 ## - LOCALIZACIÓN
Ubicación ES-MaACL
Número de control de estantería F-7489(2)
Nota libre -- Enc. hol., falto de la cub. original
-- -- Enc. en un vol. facticio
Holdings
Estatus retirado Estado de pérdida Estado de daño No para préstamo Colección Biblioteca de origen Biblioteca actual Ubicación en estantería Fecha de adquisición Total de préstamos Signatura topográfica completa Código de barras Visto por última vez Precio de reemplazo Tipo de ítem Koha
        Libros del s. XIX Biblioteca del Ateneo de Madrid Biblioteca del Ateneo de Madrid Depósito 2 17/01/2008   F-7489(2) 1173019 23/02/2023 23/02/2023 Libro impreso antiguo